[Event "Copenhagen Chess Challenge 2017"]
[Site "Ballerup"]
[Date "2017.05.11"]
[Round "3.8"]
[White "Urkedal, Frode"]
[Black "Veng, Johnny"]
[Result "1/2-1/2"]
[WhiteElo "2540"]
[BlackElo "2277"]
[PlyCount "118"]
[EventDate "2017.05.10"]

1. d4 Nf6 2. c4 Nc6 3. Nf3 e6 4. Nc3 Bb4 5. Qc2 O-O 6. Bd2 d5 7. e3 a6 8. Be2
dxc4 9. Bxc4 Bd6 10. Ne4 Nb4 11. Nxf6+ Qxf6 12. Qe4 Qf5 13. Qxf5 exf5 14. O-O
b5 15. Bxb4 bxc4 16. Bxd6 cxd6 17. Rfc1 Be6 18. Nd2 Rfc8 19. Rc2 Rab8 20. Rac1
Kf8 21. g3 a5 22. Kf1 Ke7 23. Ke1 Kd8 24. h4 g6 25. Nb1 f4 26. gxf4 Bf5 27. Rd2
Rb4 28. Nc3 Rcb8 29. Nd1 d5 30. f3 Kd7 31. Rh2 h5 32. Re2 Bd3 33. Rg2 a4 34.
Rc3 Bb1 35. Ra3 Bf5 36. Nc3 Rxb2 37. Rxb2 Rxb2 38. Rxa4 Bd3 39. Ra5 Rc2 40.
Rxd5+ Ke6 41. Re5+ Kd7 42. Ne4 Rxa2 43. Nc5+ Kd6 44. Nxd3 cxd3 45. f5 Rh2 46.
fxg6 fxg6 47. Rg5 Re2+ 48. Kd1 Rxe3 49. Rxg6+ Kd5 50. Kd2 Rxf3 51. Kc3 d2+ 52.
Kxd2 Rh3 53. Rg5+ Kxd4 54. Rxh5 Rh2+ 55. Ke1 Ke3 56. Kf1 Kf3 57. Kg1 Kg4 58.
Rg5+ Kxh4 59. Kxh2 Kxg5 1/2-1/2

[Event "Copenhagen Chess Challenge 2017"]
[Site "Ballerup"]
[Date "2017.05.11"]
[Round "3.9"]
[White "Kristensen, Kaare Hove"]
[Black "Hector, Jonny"]
[Result "1/2-1/2"]
[WhiteElo "2329"]
[BlackElo "2498"]
[PlyCount "121"]
[EventDate "2017.05.10"]

1. e4 e5 2. Nf3 Nc6 3. d4 exd4 4. Bc4 Nf6 5. e5 d5 6. Bb5 Ne4 7. Nxd4 Bc5 8.
Be3 O-O 9. Nxc6 bxc6 10. Bxc5 Nxc5 11. Bxc6 Rb8 12. Qxd5 Qe7 13. O-O Rxb2 14.
Qd4 Rb6 15. Bf3 Rd8 16. Qc3 Na4 17. Qa3 Qb4 18. Qxb4 Rxb4 19. Na3 Ba6 20. Rfd1
Rxd1+ 21. Rxd1 Kf8 22. h3 Ke7 23. Rd5 c5 24. Bg4 Rd4 25. c4 g6 26. f4 h5 27.
Rxd4 cxd4 28. Bf3 Nc3 29. Kf2 Nxa2 30. Ke2 Nb4 31. Kd2 Ke6 32. g4 hxg4 33. hxg4
g5 34. Nc2 Nxc2 35. Bd5+ Ke7 36. Kxc2 gxf4 37. Kd3 Bc8 38. g5 Be6 39. Bf3 a5
40. Kxd4 a4 41. Kc3 a3 42. Be2 Bh3 43. Bf3 Bf1 44. c5 Bc4 45. c6 a2 46. Kb2 Kd8
47. Be4 Kc7 48. Bf3 Kb6 49. Ka1 Be6 50. Kb2 Bc4 51. Ka1 Bb3 52. Kb2 Be6 53. Ka1
Kc5 54. c7 Kd4 55. Bh5 f3 56. Bxf3 Kxe5 57. Bh5 Kd6 58. Bxf7 Bf5 59. g6 Kxc7
60. g7 Bh7 61. g8=Q 1/2-1/2

[Event "Copenhagen Chess Challenge 2017"]
[Site "Ballerup"]
[Date "2017.05.11"]
[Round "3.10"]
[White "Ochsner, Bjorn Moller"]
[Black "Lokander, Martin"]
[Result "1-0"]
[WhiteElo "2436"]
[BlackElo "2333"]
[PlyCount "63"]
[EventDate "2017.05.10"]

1. e4 e5 2. Nf3 Nc6 3. Bb5 a6 4. Ba4 d6 5. O-O Nf6 6. Re1 Bd7 7. c3 g6 8. d4
Qe7 9. d5 Nb8 10. c4 Bg7 11. Nc3 O-O 12. Bg5 h6 13. Bd2 Bg4 14. h3 Bc8 15. Bc2
Nbd7 16. b4 Nh5 17. Rc1 Nf4 18. Ne2 Qf6 19. Nxf4 exf4 20. Bb1 b6 21. c5 bxc5
22. bxc5 a5 23. cxd6 cxd6 24. Rc6 Ne5 25. Nxe5 Qxe5 26. Qf3 g5 27. Qd3 f6 28.
Bc3 Qe7 29. e5 fxe5 30. Qh7+ Kf7 31. Bg6+ Kf6 32. Rxe5 1-0

[Event "Copenhagen Chess Challenge 2017"]
[Site "Ballerup"]
[Date "2017.05.11"]
[Round "3.11"]
[White "Aabling Thomsen, Jakob"]
[Black "Thorsbro, Peter"]
[Result "1-0"]
[WhiteElo "2382"]
[BlackElo "2195"]
[PlyCount "83"]
[EventDate "2017.05.10"]

1. c4 c5 2. b3 d6 3. Bb2 Nc6 4. e3 e6 5. d4 cxd4 6. exd4 Nf6 7. Nf3 Be7 8. Bd3
O-O 9. O-O d5 10. Nbd2 b6 11. Rc1 dxc4 12. bxc4 Bb7 13. Qe2 Rc8 14. Rfd1 Qd6
15. Ne4 Qf4 16. d5 Na5 17. Neg5 h6 18. Be5 Qg4 19. h3 Qh5 20. Bxf6 Bxf6 21. g4
Qxg5 22. Nxg5 Bxg5 23. f4 Be7 24. dxe6 Bc5+ 25. Kh2 Rce8 26. Bf5 Kh8 27. Rd7
Bc6 28. Rxa7 fxe6 29. Qe5 Nb7 30. Be4 Bd6 31. Bxc6 Bxe5 32. fxe5 Nc5 33. Bxe8
Rxe8 34. Rb1 Kh7 35. Rxb6 Kg6 36. Rc6 Nd3 37. Rcc7 Kg5 38. Kg3 Nxe5 39. Rxg7+
Kf6 40. Rh7 Nxc4 41. Rxh6+ Ke5 42. Ra4 1-0

[Event "Copenhagen Chess Challenge 2017"]
[Site "Ballerup"]
[Date "2017.05.11"]
[Round "3.12"]
[White "Arman, Deniz"]
[Black "Brondt, Nicolai Kvist"]
[Result "1-0"]
[WhiteElo "2377"]
[BlackElo "2213"]
[PlyCount "41"]
[EventDate "2017.05.10"]

1. e4 d5 2. exd5 Qxd5 3. Nc3 Qd8 4. d4 Nf6 5. Bc4 c6 6. Bb3 Bf5 7. Nf3 Nbd7 8.
Qe2 e6 9. Bf4 Be7 10. O-O-O O-O 11. h3 Nd5 12. Bd2 Nxc3 13. Bxc3 Qc7 14. g4
Qf4+ 15. Bd2 Qe4 16. Be3 c5 17. Nd2 Qc6 18. gxf5 cxd4 19. Bxd4 e5 20. Bxe5 Rfe8
21. f4 1-0

[Event "Copenhagen Chess Challenge 2017"]
[Site "Ballerup"]
[Date "2017.05.11"]
[Round "3.13"]
[White "Dahl, Trygve"]
[Black "Teplyi, Igor"]
[Result "1/2-1/2"]
[WhiteElo "2169"]
[BlackElo "2440"]
[PlyCount "106"]
[EventDate "2017.05.10"]

1. e4 c5 2. Nf3 a6 3. d3 Nc6 4. g3 g6 5. Bg2 Bg7 6. O-O e5 7. Nc3 Nge7 8. Nh4
O-O 9. f4 exf4 10. gxf4 f5 11. exf5 Nxf5 12. Nxf5 gxf5 13. Nd5 Ne7 14. c3 d6
15. Re1 Nxd5 16. Bxd5+ Kh8 17. Qf3 Ra7 18. Be3 b6 19. Bf2 Bf6 20. Kh1 Re8 21.
Rxe8+ Qxe8 22. Re1 Re7 23. Rxe7 Qxe7 24. Qe3 Bb7 25. Bg2 Qf7 26. a3 b5 27. Kg1
Qg8 28. Qg3 Qxg3 29. hxg3 Bxg2 30. Kxg2 Kg7 31. Kf3 h5 32. Be1 c4 33. d4 Kf7
34. Ke3 Ke6 35. Bf2 Kd5 36. Be1 a5 37. Bf2 b4 38. a4 Ke6 39. Be1 b3 40. Kf3 d5
41. Bd2 Kf7 42. Kg2 Be7 43. Kh3 Kg6 44. Be3 h4 45. gxh4 Kh5 46. Bc1 Bxh4 47.
Bd2 Be7 48. Be3 Bf6 49. Bc1 Bd8 50. Be3 Bh4 51. Bd2 Bf2 52. Kg2 Bh4 53. Kh3 Bf2
1/2-1/2

[Event "Copenhagen Chess Challenge 2017"]
[Site "Ballerup"]
[Date "2017.05.11"]
[Round "3.14"]
[White "Hagen, Andreas Skytte"]
[Black "Kistrup, Nicolai"]
[Result "0-1"]
[WhiteElo "2389"]
[BlackElo "2185"]
[PlyCount "54"]
[EventDate "2017.05.10"]

1. c4 c5 2. g3 g6 3. Bg2 Bg7 4. Nc3 Nc6 5. Nf3 e6 6. d4 cxd4 7. Nb5 d5 8. cxd5
Qa5+ 9. Qd2 Qxb5 10. dxc6 e5 11. O-O Ne7 12. a4 Qb6 13. a5 Qb5 14. a6 Nxc6 15.
b3 O-O 16. Ba3 Rd8 17. Rfc1 e4 18. Rc5 Qxb3 19. Ng5 d3 20. Ra2 Bh6 21. Bxe4
Bxg5 22. Rxg5 dxe2 23. Qxe2 Nd4 24. Qb2 Nf3+ 25. Kg2 Qxb2 26. Bxb2 Nxg5 27.
axb7 Bh3+ 0-1

[Event "Copenhagen Chess Challenge 2017"]
[Site "Ballerup"]
[Date "2017.05.11"]
[Round "3.15"]
[White "Hoi, Carsten"]
[Black "Quinones Maletti, Julio Guillermo"]
[Result "1-0"]
[WhiteElo "2368"]
[BlackElo "2164"]
[PlyCount "81"]
[EventDate "2017.05.10"]

1. d4 Nf6 2. c4 g6 3. Nc3 Bg7 4. e4 d6 5. f3 O-O 6. Be3 a6 7. Qd2 c6 8. Bd3 b5
9. Nge2 Nbd7 10. O-O e5 11. Rad1 Bb7 12. a3 Rc8 13. Kh1 Qc7 14. Bh6 Rcd8 15.
Bxg7 Kxg7 16. cxb5 cxb5 17. d5 Nb6 18. Rc1 Qe7 19. Qe3 Nbd7 20. b4 Ne8 21. a4
bxa4 22. Nxa4 Ra8 23. Kg1 f5 24. exf5 Bxd5 25. fxg6 hxg6 26. Bxg6 Qf6 27. Bxe8
Raxe8 28. Rc7 Rf7 29. Ng3 Rh8 30. Nc3 Ba8 31. Nce4 Bxe4 32. fxe4 Qd8 33. Nf5+
Kg6 34. Qg3+ Kh7 35. Qh3+ Kg8 36. Qg4+ Kf8 37. Rfc1 Nf6 38. Rc8 Rd7 39. Rxd8+
Rxd8 40. Qg7+ Ke8 41. Qe7# 1-0

[Event "Copenhagen Chess Challenge 2017"]
[Site "Ballerup"]
[Date "2017.05.11"]
[Round "3.16"]
[White "Andersen, Kim Nyvang"]
[Black "Bjerre, Jonas Buhl"]
[Result "0-1"]
[WhiteElo "2011"]
[BlackElo "2338"]
[PlyCount "86"]
[EventDate "2017.05.10"]

1. d4 Nf6 2. c4 e6 3. Nc3 Bb4 4. e3 O-O 5. Nge2 Re8 6. a3 Bf8 7. g3 d5 8. cxd5
exd5 9. Bg2 c6 10. b4 a5 11. b5 Nbd7 12. O-O Nb6 13. Qc2 cxb5 14. Nxb5 Bd7 15.
Nec3 a4 16. f3 Ra5 17. Qd3 Nc4 18. Rb1 Qb6 19. Nxa4 Rxa4 20. Nc3 Qc7 21. Nxa4
Bxa4 22. e4 dxe4 23. fxe4 Na5 24. Bf4 Qd7 25. Rfc1 Nc6 26. d5 Ne5 27. Qd4 Bd6
28. Rc3 b5 29. Rbc1 Bb8 30. Kh1 Nfg4 31. h3 Ba7 32. Rc5 Nd3 33. hxg4 Nxc1 34.
Bxc1 Qd6 35. Be3 Bxc5 36. Qxc5 Qxc5 37. Bxc5 Bc2 38. e5 Rxe5 39. d6 Be4 40.
Bxe4 Rxe4 41. Kg2 Re5 42. Bb4 f6 43. Kf3 Kf7 0-1

[Event "Copenhagen Chess Challenge 2017"]
[Site "Ballerup"]
[Date "2017.05.11"]
[Round "3.17"]
[White "Kleinman, Michael"]
[Black "Andersen, Soren Mikkel"]
[Result "1-0"]
[WhiteElo "2335"]
[BlackElo "2111"]
[PlyCount "123"]
[EventDate "2017.05.10"]

1. e4 c5 2. Nf3 d6 3. d4 cxd4 4. Qxd4 a6 5. h3 Nc6 6. Qe3 Nf6 7. c4 e6 8. Be2
Be7 9. O-O O-O 10. Nc3 Qc7 11. b3 b6 12. Bb2 Bb7 13. Rfd1 Rfe8 14. Rac1 Ne5 15.
Nd4 Rad8 16. Bf1 Ng6 17. Bd3 Nd7 18. Kh1 Qb8 19. Bb1 Bf8 20. Qg3 Nf6 21. Re1
Rc8 22. Rcd1 Qc7 23. Rd2 h6 24. Nde2 Bc6 25. Ba3 Red8 26. Red1 Ne8 27. Qe3 b5
28. cxb5 axb5 29. Bb4 Qb8 30. Nd4 Ne7 31. Bd3 Nc7 32. Bf1 Be8 33. Nf3 Nc6 34.
Bxd6 Bxd6 35. Rxd6 Rxd6 36. Rxd6 Nd5 37. exd5 Qxd6 38. dxc6 b4 39. Ne4 Qd1 40.
Qe1 Qxe1 41. Nxe1 Bxc6 42. Nc5 Bxg2+ 43. Kxg2 Rxc5 44. Nd3 Rb5 45. Kf3 f5 46.
Nf4 Rb6 47. Ke3 Kf7 48. Nd3 Kf6 49. Kd4 e5+ 50. Kc5 Rb8 51. Nxb4 Rd8 52. a4 e4
53. a5 Rd1 54. Bb5 g5 55. a6 Rd8 56. a7 Ra8 57. Nc6 h5 58. Bf1 g4 59. b4 f4 60.
hxg4 hxg4 61. b5 f3 62. Kd4 1-0

[Event "Copenhagen Chess Challenge 2017"]
[Site "Ballerup"]
[Date "2017.05.11"]
[Round "3.18"]
[White "Pakmor, Claus"]
[Black "Reimanis, Ritvars"]
[Result "0-1"]
[WhiteElo "1992"]
[BlackElo "2302"]
[PlyCount "68"]
[EventDate "2017.05.10"]

1. e4 c5 2. Nc3 Nc6 3. g3 g6 4. Bg2 Bg7 5. f4 d6 6. Nf3 Bg4 7. h3 Bd7 8. O-O
Rb8 9. a4 a6 10. d3 b5 11. axb5 axb5 12. Qe1 b4 13. Nd1 e5 14. f5 f6 15. Ne3
Nge7 16. g4 gxf5 17. gxf5 Qc7 18. Qg3 Kf8 19. Ng5 Nd4 20. Rf2 h6 21. Nf3 Be8
22. Nc4 Bf7 23. Ra6 Rd8 24. Nfxe5 dxe5 25. Nxe5 Qxe5 26. Bf4 Nexf5 27. Bxe5
Nxg3 28. Bxg3 Kg8 29. Bh4 b3 30. c3 Ne6 31. Bxf6 Rxd3 32. Ra8+ Kh7 33. Rxh8+
Kxh8 34. Be7 Kg8 0-1

[Event "Copenhagen Chess Challenge 2017"]
[Site "Ballerup"]
[Date "2017.05.11"]
[Round "3.19"]
[White "Stojanovski, Sandi"]
[Black "Slettebo, Jan"]
[Result "1-0"]
[WhiteElo "2277"]
[BlackElo "2020"]
[PlyCount "29"]
[EventDate "2017.05.10"]

1. e3 c5 2. d4 cxd4 3. exd4 d5 4. c4 Nc6 5. Nc3 Nf6 6. Nf3 Bg4 7. cxd5 Nxd5 8.
Qb3 Bxf3 9. gxf3 Nb6 10. Be3 e6 11. d5 Nxd5 12. Qxb7 Ndb4 13. Bb5 Qc8 14. Qxc8+
Rxc8 15. Ke2 1-0

[Event "Copenhagen Chess Challenge 2017"]
[Site "Ballerup"]
[Date "2017.05.11"]
[Round "3.20"]
[White "Akdag, Dara Sevkan"]
[Black "Fossan, Andreas"]
[Result "1-0"]
[WhiteElo "2240"]
[BlackElo "1994"]
[PlyCount "85"]
[EventDate "2017.05.10"]

1. Nf3 d5 2. g3 Nf6 3. Bg2 e6 4. O-O Be7 5. c4 O-O 6. b3 c5 7. Bb2 Nc6 8. e3 b6
9. d4 Ba6 10. Nbd2 Rc8 11. Rc1 cxd4 12. exd4 Nb4 13. Ne5 Nd7 14. Ndf3 dxc4 15.
bxc4 Nxe5 16. Nxe5 f6 17. a3 fxe5 18. axb4 Bxc4 19. Bb7 Rc7 20. Qc2 Bd6 21.
Rfd1 exd4 22. Qe4 Bb3 23. Rxc7 Bxc7 24. Rxd4 Qf6 25. Rd2 Qg5 26. Rd7 Rf7 27.
Rxf7 Kxf7 28. Qf3+ Ke7 29. Qxb3 Bd6 30. Kg2 Qg4 31. b5 Bc5 32. Ba3 Qd4 33.
Bxc5+ bxc5 34. Qa3 Qb4 35. Qxa7 Kf6 36. Bc6 c4 37. Qd4+ e5 38. Qd8+ Ke6 39.
Bd5+ Kf5 40. Qd7+ Kg6 41. Qe6+ Kh5 42. Bf3+ Kg5 43. h4# 1-0

[Event "Copenhagen Chess Challenge 2017"]
[Site "Ballerup"]
[Date "2017.05.11"]
[Round "3.21"]
[White "Brinck Claussen, Bjorn"]
[Black "Sorensen, Per Settergren"]
[Result "1/2-1/2"]
[WhiteElo "2227"]
[BlackElo "1980"]
[PlyCount "68"]
[EventDate "2017.05.10"]

1. d4 Nf6 2. c4 e6 3. Nc3 d5 4. cxd5 exd5 5. Bg5 c6 6. e3 Be7 7. Bd3 Nbd7 8.
Qc2 Nh5 9. Bxe7 Qxe7 10. Nge2 Nb6 11. h3 g6 12. g4 Ng7 13. O-O-O Bd7 14. e4
dxe4 15. Bxe4 O-O 16. Kb1 Be6 17. Nf4 Rac8 18. Nxe6 Nxe6 19. d5 cxd5 20. Bxd5
Nf4 21. Bb3 Rfe8 22. Qd2 Ne2 23. Nb5 Nc4 24. Bxc4 Rxc4 25. Qd3 Qb4 26. Qd7 Re5
27. Nd6 Rf4 28. Rd3 Nd4 29. Qd8+ Kg7 30. Ne8+ Kf8 31. Nf6+ Kg7 32. Ne8+ Kf8 33.
Nf6+ Kg7 34. Ne8+ Kf8 1/2-1/2

[Event "Copenhagen Chess Challenge 2017"]
[Site "Ballerup"]
[Date "2017.05.11"]
[Round "3.22"]
[White "Rebers, Eugene"]
[Black "Larsen, Ulrik"]
[Result "1-0"]
[WhiteElo "2200"]
[BlackElo "1938"]
[PlyCount "57"]
[EventDate "2017.05.10"]

1. d4 Nf6 2. Bg5 c5 3. Bxf6 gxf6 4. d5 Qb6 5. Qc1 f5 6. g3 Bg7 7. c3 d6 8. Na3
Nd7 9. Nc4 Qc7 10. Qg5 Bf6 11. Qxf5 b5 12. Ne3 b4 13. Qc2 bxc3 14. bxc3 Qa5 15.
Rc1 Nb6 16. Bg2 Na4 17. Nd1 Rb8 18. Nf3 Ba6 19. O-O Nb6 20. Re1 Bc4 21. Ne3
Bxd5 22. Nxd5 Nxd5 23. e4 Nxc3 24. e5 dxe5 25. Nxe5 Nxa2 26. Nc6 Qa3 27. Nxb8
Nxc1 28. Rxc1 O-O 29. Nc6 1-0

[Event "Copenhagen Chess Challenge 2017"]
[Site "Ballerup"]
[Date "2017.05.11"]
[Round "3.23"]
[White "Andreasen, Joan Hendrik"]
[Black "Nilssen, Ellen Fredericia"]
[Result "1/2-1/2"]
[WhiteElo "2189"]
[BlackElo "1926"]
[PlyCount "87"]
[EventDate "2017.05.10"]

1. d4 Nf6 2. c4 c5 3. d5 b5 4. cxb5 a6 5. f3 g6 6. e4 d6 7. Na3 Bg7 8. Ne2 O-O
9. Nc3 Nfd7 10. Be2 Nb6 11. O-O N8d7 12. Bg5 h6 13. Be3 f5 14. Qd2 Kh7 15. exf5
Rxf5 16. Bd3 Ne5 17. Bxf5 Bxf5 18. b3 Qd7 19. bxa6 Bd3 20. f4 Bxf1 21. fxe5
Bxa6 22. Re1 Bxe5 23. Bxh6 Bxc3 24. Qxc3 Kxh6 25. Re4 Rf8 26. Qe3+ g5 27. Re6+
Rf6 28. h4 Rxe6 29. dxe6 Qe8 30. Qxg5+ Kh7 31. Nc2 Bc8 32. Ne3 Bxe6 33. h5 Qf7
34. g4 Qf6 35. Qxf6 exf6 36. Kf2 Nd5 37. Nc4 Nc3 38. Nxd6 Bd5 39. Ke3 Nxa2 40.
Ne8 Bxb3 41. Nxf6+ Kg7 42. Ne4 c4 43. Kd4 c3 44. Nxc3 1/2-1/2

[Event "Copenhagen Chess Challenge 2017"]
[Site "Ballerup"]
[Date "2017.05.11"]
[Round "3.24"]
[White "Nielsen, Thomas (1975)"]
[Black "Jacobsen, Mikkel Manosri"]
[Result "0-1"]
[WhiteElo "1916"]
[BlackElo "2187"]
[PlyCount "80"]
[EventDate "2017.05.10"]

1. d4 d5 2. c4 e6 3. Nc3 Nf6 4. Nf3 Be7 5. Bg5 O-O 6. e3 Nbd7 7. Qc2 a6 8. cxd5
exd5 9. Bd3 b6 10. Ne5 Nxe5 11. dxe5 Ng4 12. Bxe7 Qxe7 13. Nxd5 Qxe5 14. Bxh7+
Kh8 15. Be4 Be6 16. Nc3 Rad8 17. h3 Nf6 18. Bb7 Bc4 19. Rd1 Rxd1+ 20. Qxd1 b5
21. a3 a5 22. Qd2 Qe7 23. Qd4 Nd7 24. Bd5 c5 25. Qf4 Bd3 26. Be4 Ne5 27. Nd5
Bxe4 28. Qxe4 f5 29. Qc2 Qd6 30. Nf4 g5 31. Nh5 f4 32. h4 fxe3 33. hxg5 Nd3+
34. Qxd3 exf2+ 35. Kd2 Qxd3+ 36. Kxd3 f1=Q+ 37. Rxf1 Rxf1 38. Ng3 c4+ 39. Kc3
Rc1+ 40. Kd2 Rg1 0-1

[Event "Copenhagen Chess Challenge 2017"]
[Site "Ballerup"]
[Date "2017.05.11"]
[Round "3.25"]
[White "Moe, Mogens"]
[Black "Steenstrup, Svend"]
[Result "1-0"]
[WhiteElo "2185"]
[BlackElo "1916"]
[PlyCount "55"]
[EventDate "2017.05.10"]

1. e4 c5 2. Nf3 d6 3. d4 cxd4 4. Nxd4 Nf6 5. Nc3 g6 6. Be2 Nc6 7. Be3 Bg7 8.
O-O O-O 9. h3 d5 10. Nxc6 bxc6 11. e5 Nd7 12. f4 f6 13. exf6 exf6 14. Bf3 Re8
15. Bxd5+ cxd5 16. Qxd5+ Kf8 17. Qxa8 Rxe3 18. Qxa7 Qb6 19. Qxb6 Nxb6 20. Rad1
Ba6 21. Rd8+ Ke7 22. Rfd1 f5 23. Rb8 Bxc3 24. Rxb6 Be2 25. Rb7+ Ke6 26. Rd8 Ba6
27. bxc3 Re1+ 28. Kh2 1-0

[Event "Copenhagen Chess Challenge 2017"]
[Site "Ballerup"]
[Date "2017.05.11"]
[Round "3.26"]
[White "Marthedal, Anton Mehmet Yildiz"]
[Black "Eriksson, Christian Altenburg"]
[Result "1/2-1/2"]
[WhiteElo "1855"]
[BlackElo "2170"]
[PlyCount "63"]
[EventDate "2017.05.10"]

1. d4 d5 2. Nf3 Nf6 3. Bf4 c5 4. c3 Qb6 5. Qb3 c4 6. Qxb6 axb6 7. Na3 Bd7 8. e3
e6 9. Nc2 Nc6 10. h3 b5 11. a3 Ne4 12. Nd2 Nxd2 13. Kxd2 f6 14. Bg3 Be7 15. Be2
Na5 16. Rab1 O-O 17. Nb4 Nc6 18. Bg4 f5 19. Bd1 Be8 20. Bh2 Bg6 21. Bc2 Nd8 22.
Rbf1 Nf7 23. Na2 Nd6 24. f3 Nf7 25. Nc1 Nd8 26. Na2 Nc6 27. Nb4 Rfc8 28. Nxc6
bxc6 29. Be5 Rf8 30. Rfg1 c5 31. dxc5 Bxc5 32. f4 1/2-1/2

[Event "Copenhagen Chess Challenge 2017"]
[Site "Ballerup"]
[Date "2017.05.11"]
[Round "3.27"]
[White "Jorgensen, Dennis"]
[Black "Stage Steffensen, Sander"]
[Result "1-0"]
[WhiteElo "2172"]
[BlackElo "1952"]
[PlyCount "139"]
[EventDate "2017.05.10"]

1. Nf3 Nf6 2. d4 e6 3. c4 d5 4. Nc3 Be7 5. Bg5 h6 6. Bh4 a6 7. cxd5 Nxd5 8.
Bxe7 Qxe7 9. e4 Nf6 10. Bd3 b6 11. O-O Bb7 12. Re1 O-O 13. Rc1 Rc8 14. Bb1 Nbd7
15. e5 Nd5 16. Ne4 Rd8 17. Qc2 Nf8 18. a3 Rac8 19. Qe2 Ng6 20. g3 Qe8 21. h4
Nge7 22. Red1 Rd7 23. Bd3 Ra8 24. Ned2 Qd8 25. Rc2 Nc6 26. Be4 Ra7 27. Rdc1
Nce7 28. b4 Qa8 29. Kh2 Bc6 30. Bd3 Ba4 31. Rb2 Nc6 32. Qe4 Nce7 33. Qh7+ Kf8
34. Be4 Bc6 35. Rbc2 Ba4 36. Rb2 Bc6 37. h5 Nxb4 38. axb4 Bxe4 39. Qxe4 Qxe4
40. Nxe4 Nf5 41. Rd2 a5 42. b5 a4 43. Ra1 Ra5 44. Nc3 a3 45. Rda2 Nxd4 46. Nxd4
Rxd4 47. Rxa3 Rd3 48. Rxa5 bxa5 49. Ra3 a4 50. Kg2 Ke7 51. Kf1 Rf3 52. Ke2 Rf5
53. f4 Rxh5 54. Rxa4 Rh2+ 55. Kf3 Rd2 56. Rc4 Kd7 57. Ke3 Rc2 58. Kd3 Rf2 59.
Kd4 Rd2+ 60. Kc5 Rg2 61. Ne4 Rb2 62. Nc3 Rg2 63. Rd4+ Kc8 64. Rd3 h5 65. Ne4 h4
66. gxh4 Rg4 67. Rf3 Rxh4 68. Ng5 f6 69. Nxe6 fxe5 70. fxe5 1-0

[Event "Copenhagen Chess Challenge 2017"]
[Site "Ballerup"]
[Date "2017.05.11"]
[Round "3.28"]
[White "Itkin, David"]
[Black "Tandrup, Michael"]
[Result "1-0"]
[WhiteElo "2118"]
[BlackElo "1906"]
[PlyCount "51"]
[EventDate "2017.05.10"]

1. e4 d5 2. exd5 Qxd5 3. Nf3 Bg4 4. Be2 Nf6 5. O-O c6 6. d4 e6 7. c4 Qd8 8. Nc3
Be7 9. Be3 Nbd7 10. h3 Bh5 11. d5 exd5 12. cxd5 cxd5 13. Nxd5 O-O 14. Re1 Bg6
15. Rc1 Nxd5 16. Qxd5 Nf6 17. Qxb7 Rb8 18. Qxa7 Ra8 19. Qd4 Rxa2 20. Bc4 Ra8
21. Ne5 Qxd4 22. Bxd4 Bb4 23. Red1 Be4 24. Nxf7 Rxf7 25. Bxf6 gxf6 26. Bxf7+
1-0

[Event "Copenhagen Chess Challenge 2017"]
[Site "Ballerup"]
[Date "2017.05.11"]
[Round "3.29"]
[White "Adinolfi, Vincenzo"]
[Black "Kvaloy, Aksel Bu"]
[Result "1-0"]
[WhiteElo "2108"]
[BlackElo "1706"]
[PlyCount "125"]
[EventDate "2017.05.10"]

1. d4 d5 2. Nf3 Nf6 3. c4 c6 4. Nc3 dxc4 5. a4 Bf5 6. e3 e6 7. Bxc4 Bb4 8. O-O
Nbd7 9. Qe2 O-O 10. Rd1 Bg6 11. Bd2 Qe7 12. Bd3 Bxd3 13. Qxd3 c5 14. d5 exd5
15. Nxd5 Nxd5 16. Qxd5 Nb6 17. Qb3 Bxd2 18. Rxd2 Rfd8 19. a5 Rxd2 20. Nxd2 Nc8
21. Nc4 Qc7 22. Rd1 b6 23. Qb5 Ne7 24. axb6 axb6 25. Qxb6 Qxb6 26. Nxb6 Rb8 27.
Na4 g5 28. h3 Rb4 29. Nxc5 Rxb2 30. Ne4 h6 31. Rd7 Ng6 32. Nd6 Ne5 33. Re7 Rd2
34. Nf5 Ng6 35. Ra7 Ne5 36. Nxh6+ Kg7 37. Nf5+ Kg6 38. g4 Nf3+ 39. Kg2 Ne5 40.
Ra6+ Kh7 41. Rh6+ Kg8 42. Rd6 Rxd6 43. Nxd6 Ng6 44. Nf5 f6 45. Kg3 Kf7 46. f4
gxf4+ 47. exf4 Kg8 48. h4 Nf8 49. Kf3 Kf7 50. Ke4 Ne6 51. h5 Kg8 52. Nd4 Ng7
53. h6 Ne8 54. Nb5 Kh7 55. g5 fxg5 56. fxg5 Kh8 57. Ke5 Kg8 58. Ke6 Kf8 59. g6
Kg8 60. Nd6 Nc7+ 61. Kf5 Nd5 62. Nf7 Ne7+ 63. Kg5 1-0

[Event "Copenhagen Chess Challenge 2017"]
[Site "Ballerup"]
[Date "2017.05.11"]
[Round "3.30"]
[White "Harstad, Christian"]
[Black "Larsen, Preben R"]
[Result "1-0"]
[WhiteElo "1979"]
[BlackElo "1841"]
[PlyCount "49"]
[EventDate "2017.05.10"]

1. d4 d5 2. c4 dxc4 3. e4 e5 4. Nf3 exd4 5. Bxc4 Bb4+ 6. Bd2 Qe7 7. O-O Bxd2 8.
Nbxd2 c5 9. b4 cxb4 10. Nxd4 Nc6 11. Nf5 Bxf5 12. exf5 O-O-O 13. Qc1 Qd7 14.
Nb3 Kb8 15. a3 Qxf5 16. axb4 Ne5 17. Qa3 Nxc4 18. Qxa7+ Kc7 19. Rac1 Ne7 20.
Rxc4+ Kd7 21. Qxb7+ Ke8 22. Re1 Qd7 23. Rc7 Qd5 24. Rcxe7+ Kf8 25. Qxd5 1-0

[Event "Copenhagen Chess Challenge 2017"]
[Site "Ballerup"]
[Date "2017.05.11"]
[Round "3.31"]
[White "Oltzen, Samuel"]
[Black "Brondal, Paul"]
[Result "0-1"]
[WhiteElo "1914"]
[BlackElo "2118"]
[PlyCount "90"]
[EventDate "2017.05.10"]

1. e4 g6 2. d4 Bg7 3. Nc3 d6 4. f4 a6 5. Nf3 b5 6. e5 Nd7 7. Bd3 Bb7 8. O-O c5
9. Be4 Bxe4 10. Nxe4 dxe5 11. dxe5 Nh6 12. Be3 Rc8 13. Qe2 O-O 14. Rad1 Qc7 15.
Rd5 c4 16. Rfd1 Nb6 17. Rc5 Qb7 18. Rxc8 Rxc8 19. Nc5 Qc6 20. b4 cxb3 21. Nxb3
Nc4 22. Bc5 Bf8 23. Nfd4 Qc7 24. Bb4 a5 25. Be1 Qb7 26. Nxa5 Nxa5 27. Bxa5 Qa7
28. Qd2 Nf5 29. Bc3 Qc5 30. Ba1 Nxd4 31. Bxd4 Qxc2 32. Qxc2 Rxc2 33. Rb1 Rc4
34. Be3 b4 35. e6 fxe6 36. Bd2 Rc2 37. Bxb4 Rxa2 38. g3 Kf7 39. Rd1 Ra4 40. Bc5
Ra5 41. Bb4 Rd5 42. Rc1 Rb5 43. Rc4 Bg7 44. Bc3 Rb1+ 45. Kg2 Rc1 0-1

[Event "Copenhagen Chess Challenge 2017"]
[Site "Ballerup"]
[Date "2017.05.11"]
[Round "3.32"]
[White "Nielsen, Carsten Juul"]
[Black "Van den Brink, Nienke"]
[Result "1/2-1/2"]
[WhiteElo "1897"]
[BlackElo "1756"]
[PlyCount "60"]
[EventDate "2017.05.10"]

1. c4 Nf6 2. Nc3 b6 3. Nf3 Bb7 4. e3 g6 5. Be2 Bg7 6. O-O O-O 7. d3 d6 8. e4
Nbd7 9. Qc2 c5 10. Bg5 Ng4 11. Rad1 Nge5 12. Nxe5 Nxe5 13. Qd2 Nc6 14. Bh6 Bxh6
15. Qxh6 Nd4 16. f4 f5 17. Rf2 Rf7 18. Bf3 e5 19. fxe5 dxe5 20. Nd5 f4 21. Bg4
Qf8 22. Qg5 Re8 23. Rdf1 Bxd5 24. cxd5 Qe7 25. Qxe7 Rexe7 26. h4 Rb7 27. b3 Kf8
28. Rc1 Ke7 29. Rcf1 Kf8 30. Rc1 Ke7 1/2-1/2

[Event "Copenhagen Chess Challenge 2017"]
[Site "Ballerup"]
[Date "2017.05.11"]
[Round "3.33"]
[White "Kallenbach, Uffe"]
[Black "Bendixen, Daniel"]
[Result "0-1"]
[WhiteElo "1698"]
[BlackElo "1855"]
[PlyCount "138"]
[EventDate "2017.05.10"]

1. d4 Nf6 2. Nf3 g6 3. c4 Bg7 4. Nbd2 O-O 5. e4 d6 6. g3 Nc6 7. d5 Nb8 8. Bg2
Nbd7 9. O-O e5 10. b4 Ne8 11. Nb3 f5 12. Rb1 Ndf6 13. Nfd2 fxe4 14. Nxe4 Nxe4
15. Bxe4 Nf6 16. Bg2 Bf5 17. Rb2 Qd7 18. f3 Bh3 19. Re2 Bxg2 20. Kxg2 Nh5 21.
Nd2 h6 22. Ne4 Kh7 23. Be3 Nf6 24. Ref2 Rf7 25. Qd3 b6 26. g4 Raf8 27. g5 Nxe4
28. Qxe4 h5 29. h3 Qf5 30. Kg3 Re8 31. Re1 Bf8 32. Bd2 Be7 33. h4 Ref8 34. Ref1
Qd7 35. a3 Rf5 36. f4 R8f7 37. fxe5 dxe5 38. Bc3 Rf4 39. Rxf4 exf4+ 40. Kf2 Bd6
41. Qd4 Qe8 42. Re1 Qg8 43. Kf3 Qc8 44. Kf2 Qg8 45. Re6 Qf8 46. Qe4 Qg8 47. Kf3
Bf8 48. Bd2 Bd6 49. Bxf4 Bxf4 50. Rf6 Bd6 51. Qe6 Rxf6+ 52. gxf6 Qf8 53. Ke4 a5
54. bxa5 bxa5 55. Qd7+ Kg8 56. Qe6+ Qf7 57. a4 Qxe6+ 58. dxe6 c6 59. Kd4 Kf8
60. Ke4 Ba3 61. Ke5 Bb2+ 62. Kd6 Bxf6 63. Kxc6 Ke7 64. c5 Bxh4 65. Kb7 Bg3 66.
c6 h4 67. Kb6 h3 68. Kxa5 h2 69. Kb6 h1=Q 0-1